Eurovision Trivia - Statistics

General Stats
  • This quiz has been taken 289 times
  • The average score is 10 of 13
Answer Stats
Hint Answer % Correct
The country that has won the contest the most amount of times Ireland
98%
The country that won the 2012 contest Sweden
96%
The first ever country to win the contest Switzerland
95%
Band that won the 1974 contest for sweden with the song 'Waterloo' ABBA
94%
Rise like a _______ (Austria 2014) Phoenix
94%
The only African country to ever enter the contest Morocco
93%
The smallest country to win the contest Monaco
85%
maintain a 100% qualification record Ukraine
78%
The country who placed third in the 2015 contest Italy
75%
The city that has hosted the contest the most times, at 6 Dublin
72%
The remaining two countries that still Australia
52%
The famous interval act at the 1994 contest in Ireland Riverdance
49%
The UKs 2016 entry, performed by Joe & Jake You're not alone
49%
No matching quizzes found
Score Distribution
Percent of People with Each Score
Percentile by Number Answered
Your Score History
You have not taken this quiz